000 00858nam a2200241 i 4500
001 bg
245 0 0 _aIntegracja europejska w oczach Polaków /
_cpraca pod red. Zdzisława Macha.
260 _aKraków :
_bFundacja MCRD,
_c1999.
300 _a143 s. ;
_c21 cm.
490 1 _aStudia i Analizy / Fundacja Międzynarodowe Centrum Rozwoju Demokracji ;
_v5
650 9 _aUnia Europejska a Polska
_xsocjologia
_yod 1989 r.
650 9 _aPolska a Unia Europejska
_xsocjologia
_yod 1989 r.
650 9 _aIntegracja europejska
_xzagadnienia
700 1 _aMach, Zdzisław.
_eRed.
830 0 _aStudia i Analizy (Fundacja Międzynarodowe Centrum Rozwoju Demokracji) ;
_v5
020 _a8387832154
040 _cBPK
041 0 _apl
080 _a316.4(438:4-67)"1989/..."
920 _a83-87832-15-4
942 _cKS
008 s pl f |000 0 pol
999 _c39168
_d39168
856 _uhttp://koha.tu.koszalin.pl/cgi-bin/koha/opac-detail.pl?biblionumber=39168
_yKatalog online BPK